00643nam a2200193Ia 4500008004100000082001100041100001900052245004800071250000800119260002700127300000800154500002400162650001600186700001900202942000700221952010200228952010200330999001700432230524s9999 xx 000 0 und d a3bPRI aShanthi Prince 0aOptical and Opto Electronic Instrumentation a1ST aCHENNAIbScitechc2001 a274 aQuantity Number: 2 aElectronics a K. Annapuvani cBK 00104070aTATCLbTATCLcGENd2023-05-24l0o003 PRIp6913r2023-05-24w2023-05-24yBKzHSSM4301 00104070aTATCLbTATCLcGENd2023-05-24l0o003 PRIp6914r2023-05-24w2023-05-24yBKzHSSM4301 c19489d19489